More Democratic Countries Bordering Less Democratic Countries - Statistics

General Stats
  • This quiz has been taken 1,130 times
  • The average score is 31 of 39
Answer Stats
Index Answer % Correct
3.31 Russia
99%
2.27 China
98%
6.61 India
97%
1.08 North Korea
97%
8.01 South Korea
97%
2.59 Belarus
94%
9.20 Finland
94%
7.24 Latvia
94%
7.13 Lithuania
94%
6.85 Poland
94%
7.84 Estonia
93%
6.48 Mongolia
90%
3.04 Myanmar
88%
9.81 Norway
88%
2.93 Egypt
87%
7.84 Israel
87%
1.43 Syria
86%
6.92 Brazil
85%
3.62 Jordan
85%
1.13 D. R. Congo
84%
4.16 Lebanon
84%
7.05 South Africa
84%
7.04 Colombia
83%
2.76 Venezuela
83%
5.71 Bhutan
82%
3.16 Zimbabwe
81%
6.04 Thailand
79%
7.62 Botswana
78%
1.77 Laos
77%
3.08 Eswatini
76%
4.86 Zambia
76%
4.94 Uganda
72%
5.10 Tanzania
70%
1.95 Libya
50%
6.59 Tunisia
47%
8.16 Costa Rica
41%
3.60 Nicaragua
41%
6.50 Ghana
34%
2.80 Togo
31%
No matching quizzes found
Score Distribution
Percent of People with Each Score
Percentile by Number Answered
Your Score History
You have not taken this quiz